| 000 | 00992nam a22002657a 4500 | ||
|---|---|---|---|
| 001 | 8933 | ||
| 003 | FISKH | ||
| 005 | 20251110135519.0 | ||
| 008 | 251110b cb ||||| |||| 00| 0 eng d | ||
| 040 |
_aFISKH _beng _cFISKH _dFISKH |
||
| 050 | _aPZ7 | ||
| 082 | _a600 | ||
| 100 |
_aMeadowcroft, Enid LaMonte _eAuthor |
||
| 245 |
_aBoy inventor / _cBy Enid LaMonte Meadowcroft ; Illustrated by William Plummer |
||
| 260 |
_aChicago : _bScience research association , _c1972 |
||
| 300 |
_a24 pages : _bcolor illustrations ; _c21 cm |
||
| 505 | _aP | ||
| 520 | _aAl Edison is the smartest boy in town. So when he says he can make you fly like balloon, he probably can. It's easy, he says. He'll just mix up some Seidlitz powders and water. You'll drink them, and away you'll fly! Or will you? | ||
| 521 | 8 |
_a600
_bLexile estimate |
|
| 521 | 8 |
_aP
_bRaz-Plus |
|
| 650 |
_aAmerican history _vBiography |
||
| 700 |
_aPlummer, William _eIllustrator |
||
| 942 |
_2ddc _cBK _n0 |
||
| 999 |
_c8933 _d8933 |
||